| 000 | 00974nam a22002657a 4500 | ||
|---|---|---|---|
| 999 |
_c15673 _d15673 |
||
| 003 | MIRAKIL | ||
| 005 | 20240320141004.0 | ||
| 008 | 240320b tu ||||| |||| 00| 0 tur d | ||
| 020 | _a9789751746276 | ||
| 040 |
_aTR-AnCHP _cTR-AnCHP |
||
| 041 | _atur | ||
| 082 |
_a819.1 _bN25d 2020 |
||
| 100 | _aEmirek-Zade Mehmed Nami | ||
| 245 | 1 | 0 |
_aDivan : _bmetin, dil içi çeviri ve notlar / _cEmirek-zade Mehmed Nami ; hazırlayan: Ahmet Yenikale |
| 250 | _a1 baskı: Ankara, 2020 Kasım | ||
| 260 |
_aAnkara : _bTürk Dil Kurumu Yayınları, _c2020. |
||
| 300 |
_a357 sayfa, 60 sayfa numarasız ; _c24 cm. |
||
| 490 | 0 |
_aAtatürk Kültür, Dil ve Tarih Yüksek Kurumu Türk Dil Kurumu yayınları ; _v1353. |
|
| 500 | _aTıpkı basım içerir | ||
| 500 | _aDizin vardır | ||
| 504 | _aKaynakça: 355-357. sayfa | ||
| 650 | 0 |
_97726 _aDivan şiiri |
|
| 856 | _zDijital Nüshası için Partimizin Kütüphane Sorumlusu ile iletişime geçiniz. | ||
| 942 |
_2ddc _cBKS |
||